बदलो का गाँव / (Record no. 112619)
[ view plain ]
| 000 -LEADER | |
|---|---|
| fixed length control field | 00781nam a22002297a 4500 |
| 005 - DATE AND TIME OF LATEST TRANSACTION | |
| control field | 20170124102941.0 |
| 010 ## - LIBRARY OF CONGRESS CONTROL NUMBER | |
| LC control number | A-990252 |
| 020 ## - INTERNATIONAL STANDARD BOOK NUMBER | |
| Terms of availability | 00.00 |
| 035 ## - SYSTEM CONTROL NUMBER | |
| System control number | A-990252 |
| 037 ## - SOURCE OF ACQUISITION | |
| Source of stock number/acquisition | Cen Lib/Ret |
| 040 ## - CATALOGING SOURCE | |
| Original cataloging agency | DPL |
| Language of cataloging | HN |
| 082 ## - DEWEY DECIMAL CLASSIFICATION NUMBER | |
| Classification number | 827 |
| Item number | त्यागीर |
| 100 ## - MAIN ENTRY--PERSONAL NAME | |
| Personal name | त्यागी, र. ना. |
| 9 (RLIN) | 48441 |
| 245 ## - TITLE STATEMENT | |
| Statement of responsibility, etc | र. ना. त्यागी |
| Title | बदलो का गाँव / |
| 246 ## - VARYING FORM OF TITLE | |
| Title proper/short title | Badlon ka gaon / |
| Remainder of title | by R.N. Tayagi |
| 300 ## - PHYSICAL DESCRIPTION | |
| Extent | 371पृ. |
| Dimensions | 21सेमी (सजिल्द) |
| 650 ## - SUBJECT ADDED ENTRY--TOPICAL TERM | |
| Topical term or geographic name as entry element | हिंदी साहित्य |
| 9 (RLIN) | 48442 |
| 650 ## - SUBJECT ADDED ENTRY--TOPICAL TERM | |
| Topical term or geographic name as entry element | निबंध संग्रह |
| 9 (RLIN) | 7 |
| 650 ## - SUBJECT ADDED ENTRY--TOPICAL TERM | |
| Topical term or geographic name as entry element | Hindi Literature |
| 9 (RLIN) | 48443 |
| 650 ## - SUBJECT ADDED ENTRY--TOPICAL TERM | |
| Topical term or geographic name as entry element | Essay Collection |
| 9 (RLIN) | 48444 |
| 942 ## - ADDED ENTRY ELEMENTS (KOHA) | |
| Source of classification or shelving scheme | Dewey Decimal Classification |
| Koha item type | Hindi Books |
| Classification part | 827 |
| Call number suffix | त्यागीर |
| Withdrawn status | Lost status | Damaged status | Not for loan | Home library | Current library | Date acquired | Source of acquisition | Cost, normal purchase price | Total Checkouts | Full call number | Barcode | Date last seen | Date checked out | Copy number | Cost, replacement price | Price effective from | Koha item type |
|---|---|---|---|---|---|---|---|---|---|---|---|---|---|---|---|---|---|
| Central Library | Central Library | 10/08/2015 | Cen Lib/Ret | 0.00 | 1 | 827 त्यागीर | A-990252 | 03/05/2018 | 19/04/2018 | 1 | 0.00 | 10/08/2015 | Hindi Books |
